How I Met Your Mother Trivia - Hard - Statistics

General Stats
  • This quiz has been taken 253 times
  • The average score is 3 of 13
Answer Stats
Hint Answer % Correct
What are the rules of bask-ice-ball? No rules
66%
According to Barney, who invented the 3 day rule? Jesus
58%
In “Spoiler Alert,” what is Marshall’s annoying habit? He sings everything he does
32%
What does Dowisetrepla stand for? Downwind of the Sewage Treatment Plant
30%
What is the name of the Man-Maker? Rhonda
30%
Who died in “Monday Night Football?” Mark
23%
What was the name of the man in whose tab Ted put 2 champagnes? Rick Garrido
23%
Robin and Barney think they share a cousin called… Mitch
15%
Robin’s full name? Robin Charles Scherbatsky, Jr.
9%
Where did Lily’s car get a flat tire while going to the art program? Dutchess County
7%
Name the guest star in “The Wedding Bride” (who plays Royce.) Judy Greer
5%
Where does Simon, Robin’s ex-boyfriend, work? Be specific. Splish Splash Ottawa Water Park
2%
What is Ranjit’s wife’s name? Falguni
1%
No matching quizzes found
Score Distribution
Percent of People with Each Score
Percentile by Number Answered
Your Score History
You have not taken this quiz